Мероприятия по выявлению и устранению опасных ситуаций в нефтегазовой отрасли; Безопасность - 2018

Dades bibliogràfiques
Parent link:Безопасность - 2018.— 2018.— [С. 258-260]
Autor principal: Тусупова М. Д.
Autor corporatiu: Национальный исследовательский Томский политехнический университет Инженерная школа неразрушающего контроля и безопасности Отделение контроля и диагностики
Altres autors: Романцов И. И. Игорь Иванович
Sumari:Заглавие с экрана
Idioma:rus
Publicat: 2018
Col·lecció:Безопасность в чрезвычайных ситуациях
Matèries:
Accés en línia:http://www.istu.edu/upload/iblock/b85/bez_18.pdf#page=259
Format: MixedMaterials Electrònic Capítol de llibre
KOHA link:https://koha.lib.tpu.ru/cgi-bin/koha/opac-detail.pl?biblionumber=658150

MARC

LEADER 00000naa0a2200000 4500
001 658150
005 20250825141445.0
035 |a (RuTPU)RU\TPU\network\25275 
090 |a 658150 
100 |a 20180529d2018 k y0rusy50 ca 
101 0 |a rus 
102 |a RU 
135 |a drnn ---uucaa 
181 0 |a i  
182 0 |a b 
200 1 |a Мероприятия по выявлению и устранению опасных ситуаций в нефтегазовой отрасли  |f М. Д. Тусупова, И. И. Романцов 
203 |a Текст  |c электронный 
225 1 |a Безопасность в чрезвычайных ситуациях 
300 |a Заглавие с экрана 
463 |t Безопасность - 2018  |o материалы докладов XXIII Всероссийской студенческой научно-практической конференции с международным участием «Проблемы экологической и промышленной безопасности современного мира», г. Иркутск, 24 - 27 апреля 2018 г.  |f Иркутский национальный исследовательский технический университет (ИРНИТУ)  |v [С. 258-260]  |d 2018 
610 1 |a труды учёных ТПУ 
610 1 |a электронный ресурс 
610 1 |a нефтегазовая отрасль 
610 1 |a опасные ситуации 
610 1 |a устремления 
700 1 |a Тусупова  |b М. Д. 
701 1 |a Романцов  |b И. И.  |c специалист в области экологии и безопасности жизнедеятельности  |c доцент Томского политехнического университета, кандидат технических наук  |f 1967-  |g Игорь Иванович  |3 (RuTPU)RU\TPU\pers\32975  |9 16820 
712 0 2 |a Национальный исследовательский Томский политехнический университет  |b Инженерная школа неразрушающего контроля и безопасности  |b Отделение контроля и диагностики  |3 (RuTPU)RU\TPU\col\23584 
801 0 |a RU  |b 63413507  |c 20180530  |g RCR 
856 4 0 |u http://www.istu.edu/upload/iblock/b85/bez_18.pdf#page=259 
942 |c CF